Normal view
MARC view
Entry Personal Name
001 - CONTROL NUMBER
- control field: 14501
003 - CONTROL NUMBER IDENTIFIER
- control field: ARRUPE
005 - DATE AND TIME OF LATEST TRANSACTION
- control field: 20150121164056.0
008 - FIXED-LENGTH DATA ELEMENTS
- fixed length control field: 150121|| aca||aabn | a|a d
040 ## - CATALOGING SOURCE
- Original cataloging agency: ARRUPE
- Transcribing agency: ARRUPE
100 ## - HEADING--PERSONAL NAME
- Personal name: Greenfield, Susan
- Fuller form of name: (Susan A.),
- Dates associated with a name: 1950-
670 ## - SOURCE DATA FOUND
- Source citation: Work cat.: (ARRUPE)0: Greenfield, Susan (Susan A.), 1950-, I.D. :, 2008.